Betekintés a kereskedelmi dolgozók és a HR világába
| Main Author: | |
|---|---|
| Other Authors: | |
| Format: | Project work |
| Kulcsszavak: | alkalmazott ösztönzés belső motiváció interjú leépítés teljesítményértékelés |
| Online Access: | http://dolgozattar.uni-bge.hu/59823 |
MARC
| LEADER | 00000nnm a2200000 i 4500 | ||
|---|---|---|---|
| 001 | dolg59823 | ||
| 005 | 20260409145617.0 | ||
| 008 | 260409suuuu hu o 000 hun d | ||
| 040 | |a BGE Dolgozattár Repozitórium |b hun | ||
| 041 | |a hu | ||
| 100 | 1 | |a Gulyás Blanka Anna | |
| 245 | 1 | 0 | |a Betekintés a kereskedelmi dolgozók és a HR világába |c Gulyás Blanka Anna |h [elektronikus dokumentum] |
| 516 | |a Project_work | ||
| 520 | 3 | |a Napjainkban, ahhoz, hogy munkát keressünk érdemes tudni hogyan zajlik ez a folyamat, hogyan is kerülünk be a munkakörök körforgásába. Egy HR pozícióban dolgozó ember erről számtalan információt tud. Hiszen az ő hatáskörébe tartozik számos ezzel kapcsolatos feladat, mint például a toborzás, teljesítményértékelés, a munkavállalói elégedettség biztosítása, az alkalmazottak motiválása, esetleges rendezvényszervezés stb. Ez a munka összetettebb, sokrétűbb, mint gondolnánk. A HR munkája mellett, a szakdolgozatomban ki szeretném fejteni a munkavállalók céljait, az ő mozgatóerőjüket, azt, hogy hogyan is tudjuk őket motiválni. Lesz szó arról, hogy hogyan zajlik egy cégen belül a jelentkezők szűrése, milyen stratégiákkal érdemes őket kiválasztani. Továbbá érinteni fogom a munkahelyi leépítést is.A kutatásom célja, hogy az olvasó pontos betekintést nyerjen ezen világba és annak működésébe. Láttatni szeretném azt is, hogy ne csak az alkalmazottak, hanem a Humán erőforrás szakembereinek a szemén keresztül is átláthassuk ezt a rendszert. | |
| 695 | |a alkalmazott ösztönzés | ||
| 695 | |a belső motiváció | ||
| 695 | |a interjú | ||
| 695 | |a leépítés | ||
| 695 | |a teljesítményértékelés | ||
| 700 | 1 | |a Békési Gábor György |e ths | |
| 856 | 4 | 0 | |u http://dolgozattar.uni-bge.hu/59823/1/Z%C3%A1r%C3%B3dolgozat.k%C3%A9sz.pdf |z Dokumentum-elérés |
| 856 | 4 | 0 | |u http://dolgozattar.uni-bge.hu/59823/2/Biralat_Guly%C3%A1s%20Blanka%20Anna.pdf |z Dokumentum-elérés |